Países mais próximo de Barbados - Statistics

Estatísticas Gerais
  • Esse quiz foi jogado 38 vezes
  • A pontuação média é 17 de 20
Estatísticas das Respostas
km país % Correto
869 Brasil
93%
2001 Panamá
93%
357 Venezuela
90%
1669 Bahamas
87%
1722 Cuba
87%
201 Granada
87%
507 Guiana
87%
1401 Haiti
87%
833 Suriname
87%
1252 Colômbia
83%
2269 Equador
83%
1844 Jamaica
83%
1097 República Dominicana
83%
145 Santa Lúcia
83%
525 São Cristóvão e Nevis
83%
217 Trinidad e Tobago
83%
467 Antígua e Barbuda
80%
276 Dominica
80%
2112 Peru
80%
158 São Vicente e Granadinas
80%
Nenhum quiz correspondente encontrado
Distribuição das Pontuações
Porcentagem de Pessoas com Cada Pontuação
Percentil de Números Respondidos
Sua Pontuação Histórica
Você não jogou esse quiz